| 000 | 00524cam a22002171 4500 | ||
|---|---|---|---|
| 001 | 10260764 | ||
| 005 | 20171215043425.0 | ||
| 008 | 731026s1954 nyua 000 0 eng | ||
| 010 | _a 54012932 | ||
| 035 | _a(OCoLC)728307 | ||
| 040 |
_aDLC _cOClU _dOCoLC _dDLC |
||
| 041 | _aeng | ||
| 042 | _apremarc | ||
| 080 | _a659.1325 CHES | ||
| 082 | _a659.1325 | ||
| 100 | 1 | _a39 | |
| 101 | _aMED | ||
| 245 | 1 | 0 | _aColor guide for marketing media. |
| 906 |
_a7 _bcbc _coclcrpl _du _encip _f19 _gy-gencatlg |
||
| 942 |
_2ddc _cBK |
||
| 999 |
_c38986 _d38986 |
||